[Event "BRA-ch U16 Girls"]
[Site "Sao Paulo"]
[Date "2012.04.30"]
[Round "5"]
[White "Hoshino, Meilin"]
[Black "Viana, Maria Paula Josefa"]
[Result "0-1"]
[WhiteElo "1673"]
[BlackElo "1800"]
[PlyCount "80"]
[EventDate "2012.04.28"]
[EventType "swiss"]
[EventRounds "7"]
[EventCountry "BRA"]
[SourceTitle "CBM 148 Extra"]
[Source "ChessBase"]
[SourceDate "2012.06.22"]
[SourceVersion "1"]
[SourceVersionDate "2012.06.22"]
[SourceQuality "1"]

1. d4 d5 2. c4 Nf6 3. cxd5 Nxd5 4. e4 Nb4 5. Nc3 e6 6. Nf3 N8c6 7. Be2 g6 8. 0-0 Bg7 9. Be3 0-0 10. a3 Na6 11. b4 e5 12. d5 Ne7 13. Bc5 Nxc5 14. bxc5 Bg4 15. d6 cxd6 16. cxd6 Nc6 17. Qd2 h6 18. Rab1 Qd7 19. Rb2 b6 20. Rd1 f5 21. Qc2 Rf6 22. Qd2 Bf8 23. exf5 Rxd6 24. Qc2 Bxf5 25. Rxd6 Qxd6 26. Rb1 Bxc2 27. Rf1 e4 28. Ne1 Bb3 29. Nxe4 Qxa3 30. Bf3 Rd8 31. Nf6+ Kg7 32. Bxc6 Bc4 33. Ne8+ Kf7 34. Nc2 Qc5 35. g3 Bxf1 36. h4 Qxc6 37. Kxf1 Rd1+ 38. Ne1 Qxe8 39. Kg1 Qxe1+ 40. Kg2 Qh1# 0-1

[Event "BRA-ch U16 Girls"]
[Site "Sao Paulo"]
[Date "2012.04.30"]
[Round "6"]
[White "Viana, Maria Paula Josefa"]
[Black "Martinelli, Ana Carolina Candid"]
[Result "1/2-1/2"]
[WhiteElo "1800"]
[BlackElo "1563"]
[PlyCount "49"]
[EventDate "2012.04.28"]
[EventType "swiss"]
[EventRounds "7"]
[EventCountry "BRA"]
[SourceTitle "CBM 148 Extra"]
[Source "ChessBase"]
[SourceDate "2012.06.22"]
[SourceVersion "1"]
[SourceVersionDate "2012.06.22"]
[SourceQuality "1"]

1. e4 d6 2. Nf3 Nf6 3. Nc3 g6 4. g3 Bg7 5. d4 0-0 6. Bg2 c5 7. d5 e6 8. Bg5 a6 9. 0-0 Qc7 10. Qd2 Re8 11. Rae1 b5 12. a3 exd5 13. exd5 Bd7 14. Re2 Rxe2 15. Qxe2 b4 16. axb4 cxb4 17. Na2 Nxd5 18. Qe4 Be6 19. Re1 Nc6 20. Qh4 Rb8 21. Bh6 Nf6 22. Bg5 Nd5 23. Bh6 a5 24. Ng5 Nf6 25. Nxe6 1/2-1/2